Statistieken voor Somalië Trivia Quiz

Klik hier om de quiz te nemen!

Algemene statistieken

  • Deze quiz is 189 keer genomen
  • De gemiddelde score is 11 van 15

Antwoordstatistieken

HintAntwoord% Correct
Welke drie landen grenzen aan Somalië?Ethiopië
94%
Welke drie landen grenzen aan Somalië?Djibouti
92%
Welke drie landen grenzen aan Somalië?Kenia
90%
Op welk schiereiland ligt Somalië?{Hoorn} van Afrika
89%
Welk Europees land koloniseerde driekwart van Somalië?Italië
88%
Wat zijn de twee officiële talen van Somalië?Arabisch
83%
Wat is de hoofdstad van Somalië?Mogadishu
83%
Welk woestijndier wordt gedacht te zijn gedomesticeerd in de regio van Somalië ergens rond 3000 voor Christus?Kameel
81%
Welk percentage van de Somaliërs is, afgerond op het dichtstbijzijnde gehele getal, geen moslim?0%
77%
Om welke misdaad werd Somalië beroemd in de 21e eeuw?Piraterij
71%
Welke oceanische golf ligt tussen Somalië en Jemen?Golf van {Aden}
65%
Wat zijn de twee officiële talen van Somalië?Somalisch
62%
Wat is de valuta van Somalië?Shilling
46%
Welk in Somalië geboren supermodel trouwde in 1992 met David Bowie?Iman Abdulmajid
38%
Welk oude koninkrijk rond Noord-Somalië was een essentiële handelspartner van het oude Egypte?{Punt}land
32%

Scoreverdeling

Percentiel versus Aantal Correcte Antwoorden

Procent van Mensen met Elke Score

Uw Scoregeschiedenis

U heeft deze quiz nog niet genomen